[Event "Aeroflot Open A"]
[Site "Moscow RUS"]
[Date "2011.02.10"]
[Round "3"]
[White "Kasimdzhanov, Rustam"]
[Black "Rodshtein, Maxim"]
[Result "1-0"]
[WhiteTitle "GM"]
[BlackTitle "GM"]
[WhiteElo "2681"]
[BlackElo "2625"]
[WhiteFideId "14200244"]
[BlackFideId "2806851"]
[EventDate "2011.02.08"]

1. d4 Nf6 2. c4 g6 3. Nc3 d5 4. Nf3 Bg7 5. Qb3 dxc4 6. Qxc4 O-O 7. e4 a6 8. Be2
b5 9. Qb3 c5 10. dxc5 Be6 11. Qc2 Nbd7 12. Be3 Rc8 13. Rd1 b4 14. Nd5 Bxd5 15.
exd5 Nxc5 16. O-O a5 17. Rfe1 Nb7 18. Qd2 Nc5 19. Bb5 Nce4 20. Qd3 Nc5 21. Qc2
Nce4 22. Bc6 Nd6 23. Bf4 Qb6 24. Qe2 Nf5 25. Ne5 Nh5 26. Bc1 Nd4 27. Qe3 Bxe5
28. Qxe5 Nxc6 29. dxc6 Rxc6 30. Qxe7 Rc2 31. Re2 Rxe2 32. Qxe2 Nf6 33. h3 Re8
34. Qc4 Re4 35. Qd3 Re8 36. Be3 Qe6 37. a3 h5 38. axb4 axb4 39. Qd4 b3 40. Bd2
Qe5 41. Qxe5 Rxe5 42. Bc3 Rd5 43. Ra1 Rd6 44. h4 Rb6 45. Ra8+ Kh7 46. f3 Ng8 47.
Kf2 Rb7 48. Ke3 f6 49. Kd3 g5 50. hxg5 fxg5 51. Ra5 Kg6 52. Bd2 g4 53. Rg5+ Kf7
54. fxg4 hxg4 55. Bc3 Ne7 56. Rxg4 Ke6 57. Kc4 Rb8 58. Re4+ 1-0

[Event "Aeroflot Open A"]
[Site "Moscow RUS"]
[Date "2011.02.10"]
[Round "3"]
[White "Volokitin, Andrei"]
[Black "Salgado Lopez, Ivan"]
[Result "1/2-1/2"]
[WhiteTitle "GM"]
[BlackTitle "GM"]
[WhiteElo "2678"]
[BlackElo "2626"]
[WhiteFideId "14107090"]
[BlackFideId "2257327"]
[EventDate "2011.02.08"]

1. e4 c5 2. Nf3 e6 3. d4 cxd4 4. Nxd4 Nf6 5. Nc3 d6 6. g4 Nc6 7. g5 Nd7 8. Be3
Be7 9. h4 O-O 10. Qe2 Nxd4 11. Bxd4 a6 12. O-O-O b5 13. f4 b4 14. Na4 Bb7 15. g6
fxg6 16. Bh3 Rxf4 17. Bxe6+ Kh8 18. h5 Bg5 19. hxg6 h6 20. Kb1 Rxe4 21. Qg2 Rb8
22. Bxd7 Rxd4 23. Bc6 Rxd1+ 24. Rxd1 Bxc6 25. Qxc6 Qe8 26. Qxe8+ Rxe8 27. a3
bxa3 28. Rxd6 axb2 29. Nxb2 Kg8 30. c4 h5 31. Rxa6 h4 32. Ra3 Be3 33. Ra5 Bf4
34. Ra3 Be3 35. Ra5 Bb6 36. Rh5 Bf2 37. Nd1 Bg3 38. Nc3 Re5 39. Rxe5 Bxe5 40.
Ne4 h3 41. Nf2 h2 42. Kc2 Kf8 43. Kd3 Ke7 44. Ke4 Ke6 45. Kf3 Bd4 46. Nh1 Kf5
47. Ng3+ Kxg6 48. Kg2 Bg1 49. Nf1 Kf5 50. Nxh2 Bxh2 51. Kxh2 Ke4 52. Kg3 Kd4 53.
Kf4 g5+ 54. Kxg5 Kxc4 1/2-1/2

[Event "Aeroflot Open A"]
[Site "Moscow RUS"]
[Date "2011.02.10"]
[Round "3"]
[White "Alsina Leal, Daniel"]
[Black "Kobalia, Mikhail"]
[Result "0-1"]
[WhiteTitle "GM"]
[BlackTitle "GM"]
[WhiteElo "2531"]
[BlackElo "2666"]
[WhiteFideId "2252627"]
[BlackFideId "4119150"]
[EventDate "2011.02.08"]

1. e4 c5 2. Nf3 e6 3. d4 cxd4 4. Nxd4 Nc6 5. Nc3 a6 6. Nxc6 bxc6 7. Bd3 d5 8.
O-O Nf6 9. Re1 Be7 10. e5 Nd7 11. Qg4 g6 12. b3 Rb8 13. Na4 h5 14. Qe2 Nb6 15.
Nxb6 Qxb6 16. c4 d4 17. Bd2 c5 18. a3 a5 19. Reb1 O-O 20. Qe1 Ra8 21. Ra2 Bb7
22. Rab2 Bc6 23. Qc1 Rfb8 24. Bg5 Qd8 25. Bxe7 Qxe7 26. h3 Ra7 27. Qd2 Kg7 28.
Kh2 Qd8 29. f4 h4 30. Qe1 Rab7 31. b4 axb4 32. axb4 Rxb4 33. Rxb4 cxb4 34. Rxb4
Qa5 35. Rb1 Rb2 36. Bf1 Qc3 37. Rc1 Qxe1 38. Rxe1 d3 39. Re3 d2 40. Rd3 Bf3 0-1

[Event "Aeroflot Open A"]
[Site "Moscow RUS"]
[Date "2011.02.10"]
[Round "3"]
[White "Cheparinov, Ivan"]
[Black "Fedoseev, Vladimir3"]
[Result "0-1"]
[WhiteTitle "GM"]
[BlackTitle "IM"]
[WhiteElo "2665"]
[BlackElo "2505"]
[WhiteFideId "2905540"]
[BlackFideId "24130737"]
[EventDate "2011.02.08"]

1. d4 Nf6 2. c4 g6 3. Nc3 Bg7 4. e4 d6 5. Nf3 O-O 6. Be2 e5 7. Be3 exd4 8. Nxd4
Re8 9. f3 c6 10. Bf2 d5 11. exd5 cxd5 12. O-O Nc6 13. c5 Nh5 14. Qd2 Be5 15. g3
Ng7 16. Rfd1 Be6 17. Bb5 Rc8 18. b4 Nf5 19. Nxf5 Bxf5 20. Re1 Bh3 21. Bxc6 bxc6
22. Bd4 f6 23. a4 Qd7 24. Bxe5 fxe5 25. Rad1 Rf8 26. Qd3 Rce8 27. Ne4 dxe4 28.
Qxd7 Bxd7 29. Rxd7 exf3 30. Re4 f2+ 31. Kf1 Rf3 32. Rd2 Kf7 33. Rxf2 Rxf2+ 34.
Kxf2 Ke6 35. Ke3 Kd5 36. Rg4 a6 37. h4 Re6 38. h5 gxh5 39. Rg7 Rg6 40. Rxh7
Rxg3+ 41. Kf2 Rg4 42. Rd7+ Kc4 43. Rd6 Kxb4 44. Rxc6 a5 45. Re6 Rc4 46. c6 h4
47. Ke3 h3 48. Rxe5 Rxc6 49. Rh5 Rc3+ 50. Kd2 Rg3 51. Rh4+ Kb3 52. Ke2 Rc3 53.
Kf2 h2 54. Kg2 Rc4 55. Rh8 Kxa4 56. Kxh2 Kb3 57. Rb8+ Kc3 0-1

[Event "Aeroflot Open A"]
[Site "Moscow RUS"]
[Date "2011.02.10"]
[Round "3"]
[White "Mamedov, Rauf"]
[Black "Kovalenko, Igor"]
[Result "1-0"]
[WhiteTitle "GM"]
[BlackTitle "IM"]
[WhiteElo "2660"]
[BlackElo "2515"]
[WhiteFideId "13401653"]
[BlackFideId "14117908"]
[EventDate "2011.02.08"]

1. e4 Nf6 2. Nc3 d5 3. exd5 Nxd5 4. Nf3 c6 5. d4 Bg4 6. Be2 e6 7. O-O Be7 8. Ne4
O-O 9. h3 Bf5 10. Ng3 Bg6 11. Ne5 Nd7 12. Nxg6 hxg6 13. c4 N5f6 14. Bf4 Re8 15.
Bf3 Qb6 16. c5 Qd8 17. Qb3 Qc8 18. Rfe1 Bd8 19. Bg5 Bc7 20. Ne4 Nxe4 21. Bxe4
Nf6 22. Bf3 Qd7 23. Qc4 a5 24. a3 Nd5 25. Rad1 Bd8 26. h4 f6 27. Bc1 f5 28. Bg5
Bf6 29. Re2 Kf7 30. g3 Rh8 31. Rde1 Rae8 32. Bd2 Bd8 33. Qd3 Qc7 34. b4 axb4 35.
axb4 Bf6 36. b5 Qd7 37. b6 Qd8 38. Ra1 Qd7 39. Rae1 Qd8 40. Ra1 Qd7 41. Ra7 Re7
42. Re1 Rd8 43. Qc4 Qc8 44. Bg5 Qd7 45. Rea1 Rb8 46. Re1 Rbe8 47. Qb3 Qc8 48.
Qd3 Qd8 49. Qd2 Qd7 50. Rea1 Rd8 51. Ra8 Qe8 52. Rxd8 Qxd8 53. Ra7 Bxg5 54. Qxg5
Nf6 55. h5 gxh5 56. Bxh5+ Kg8 57. Bg6 e5 58. d5 e4 59. d6 e3 60. fxe3 1-0

[Event "Aeroflot Open A"]
[Site "Moscow RUS"]
[Date "2011.02.10"]
[Round "3"]
[White "Dubov, Daniil"]
[Black "Zvjaginsev, Vadim"]
[Result "1/2-1/2"]
[WhiteTitle "IM"]
[BlackTitle "GM"]
[WhiteElo "2459"]
[BlackElo "2660"]
[WhiteFideId "24126055"]
[BlackFideId "4113403"]
[EventDate "2011.02.08"]

1. d4 Nf6 2. c4 e6 3. Nc3 Bb4 4. Qc2 c5 5. dxc5 O-O 6. a3 Bxc5 7. Nf3 Nc6 8. Bf4
Nh5 9. Bg5 Nd4 10. Nxd4 Qxg5 11. Ne4 Qe7 12. Nxc5 Qxc5 13. e3 Nf6 14. Be2 d5 15.
cxd5 Qxc2 16. Nxc2 Nxd5 17. Bf3 Nf6 18. Nd4 Bd7 19. O-O Rac8 20. Rfc1 e5 21. Nb3 1/2-1/2

[Event "Aeroflot Open A"]
[Site "Moscow RUS"]
[Date "2011.02.10"]
[Round "3"]
[White "Zhou, Jianchao"]
[Black "Bukavshin, Ivan"]
[Result "1/2-1/2"]
[WhiteTitle "GM"]
[BlackTitle "FM"]
[WhiteElo "2655"]
[BlackElo "2458"]
[WhiteFideId "8603537"]
[BlackFideId "4199758"]
[EventDate "2011.02.08"]

1. d4 d5 2. c4 e6 3. Nf3 c6 4. Bg5 Nf6 5. e3 Nbd7 6. cxd5 exd5 7. Bd3 Be7 8. O-O
Ne4 9. Bxe7 Qxe7 10. Nc3 O-O 11. Qc2 Re8 12. b4 a6 13. a4 Nb6 14. a5 Nd7 15.
Bxe4 dxe4 16. Nd2 f5 17. Na4 Nf6 18. Nb6 Rb8 19. Qc5 Be6 20. Qxe7 Rxe7 21. Rac1
Nd5 22. Nxd5 Bxd5 23. Nc4 Bxc4 24. Rxc4 Rd8 25. Rc5 g6 26. h3 Kf7 27. Rfc1 Kf6
28. Kh2 h5 29. h4 g5 30. hxg5+ Kxg5 31. Rh1 h4 32. Kh3 Kf6 33. Kh2 Kg5 34. Kg1
Rd5 35. Rh3 Kg4 36. Kh2 Rh7 37. Kg1 1/2-1/2

[Event "Aeroflot Open A"]
[Site "Moscow RUS"]
[Date "2011.02.10"]
[Round "3"]
[White "Vachier-Lagrave, Maxime"]
[Black "Kotronias, Vasilios"]
[Result "1-0"]
[WhiteTitle "GM"]
[BlackTitle "GM"]
[WhiteElo "2715"]
[BlackElo "2599"]
[WhiteFideId "623539"]
[BlackFideId "5900212"]
[EventDate "2011.02.08"]

1. e4 c5 2. Nf3 Nc6 3. Nc3 e5 4. Bc4 Be7 5. d3 Nf6 6. Nd2 d6 7. Nf1 Bg4 8. f3
Be6 9. Ne3 O-O 10. O-O Nh5 11. Ncd5 Bg5 12. g3 Bxe3+ 13. Bxe3 Ne7 14. Bg5 Bxd5
15. Bxd5 h6 16. Bh4 g5 17. f4 Nxf4 18. gxf4 Nxd5 19. exd5 gxh4 20. Qh5 Qf6 21.
fxe5 Qxe5 22. Rf5 Qe3+ 23. Kh1 Kh7 24. Raf1 f6 25. R5f4 Qe8 26. Qxh4 Qf7 27. c4
f5 28. Qh3 Rae8 29. Rxf5 Qd7 30. Qh5 Rxf5 31. Rxf5 Re1+ 32. Kg2 Qg7+ 33. Kh3
Re3+ 34. Rf3 Qd7+ 35. Kg3 Qe7 36. Qf5+ Kg7 37. Qg4+ Kh7 38. Qf4 Qg7+ 39. Kf2 Re5
40. Qf7 Rg5 41. Qxg7+ Kxg7 42. Rg3 Kf6 43. Rxg5 Kxg5 44. Ke3 Kf5 45. d4 b6 46.
dxc5 bxc5 47. b4 cxb4 48. Kd4 Kf6 49. c5 dxc5+ 50. Kxc5 Ke7 51. Kxb4 Kd6 52. Kc4
Kc7 53. h4 h5 54. Kc5 Kd7 55. d6 1-0

[Event "Aeroflot Open A"]
[Site "Moscow RUS"]
[Date "2011.02.10"]
[Round "3"]
[White "Bluvshtein, Mark"]
[Black "Vitiugov, Nikita"]
[Result "0-1"]
[WhiteTitle "GM"]
[BlackTitle "GM"]
[WhiteElo "2590"]
[BlackElo "2709"]
[WhiteFideId "2603608"]
[BlackFideId "4152956"]
[EventDate "2011.02.08"]

1. d4 Nf6 2. c4 e6 3. Nc3 Bb4 4. Nf3 b6 5. Qb3 a5 6. Bg5 h6 7. Bh4 Bb7 8. e3 Nc6
9. Bd3 a4 10. Qc2 a3 11. b3 Be7 12. O-O O-O 13. Qd2 Nb4 14. e4 d5 15. Bxf6 Bxf6
16. e5 Be7 17. Rfe1 dxc4 18. bxc4 Bxf3 19. gxf3 Bg5 20. Qd1 Bf4 21. Ne2 Nxd3 22.
Qxd3 Bxe5 23. Rad1 Bd6 24. f4 Ra5 25. Kh1 Qf6 26. Rg1 Bxf4 27. Rg4 Bd6 28. f4
Rd8 29. Ng3 Bxf4 30. Qf1 Bg5 31. Qg2 Qe7 32. d5 f5 33. Rgd4 Rf8 34. d6 cxd6 35.
Rxd6 Re5 36. Qf3 Re1+ 0-1

[Event "Aeroflot Open A"]
[Site "Moscow RUS"]
[Date "2011.02.10"]
[Round "3"]
[White "Sutovsky, Emil"]
[Black "Felgaer, Ruben"]
[Result "1/2-1/2"]
[WhiteTitle "GM"]
[BlackTitle "GM"]
[WhiteElo "2695"]
[BlackElo "2585"]
[WhiteFideId "2802007"]
[BlackFideId "107069"]
[EventDate "2011.02.08"]

1. e4 c5 2. Nf3 Nc6 3. Bb5 d6 4. O-O Bd7 5. c3 Nf6 6. Re1 a6 7. Ba4 b5 8. Bc2
Bg4 9. a4 g6 10. h3 Bxf3 11. Qxf3 Rb8 12. axb5 axb5 13. Na3 Nd7 14. Qe2 Qb6 15.
d4 cxd4 16. Nxb5 Qxb5 17. Qxb5 Rxb5 18. Ba4 Ra5 19. cxd4 Bg7 20. Be3 Rxa4 21.
Rxa4 O-O 22. Rc4 Ncb8 23. Rc7 f5 24. Bg5 Bxd4 25. Bxe7 Re8 26. Bxd6 fxe4 27. Rb7
Rd8 28. Be7 Rc8 29. Rxe4 Rc1+ 30. Kh2 Bxf2 31. Bd6 Bg1+ 32. Kg3 Rc8 33. b4 Rc3+
34. Kh4 Bf2+ 35. g3 h6 36. Rxb8+ Nxb8 37. Bxb8 g5+ 38. Kh5 Bxg3 39. Bxg3 Rxg3
40. Kg6 Kf8 41. b5 Rb3 42. Re5 Rxh3 43. b6 1/2-1/2

[Event "Aeroflot Open A"]
[Site "Moscow RUS"]
[Date "2011.02.10"]
[Round "3"]
[White "Bologan, Viktor"]
[Black "Mamedov, Nidjat"]
[Result "1-0"]
[WhiteTitle "GM"]
[BlackTitle "GM"]
[WhiteElo "2693"]
[BlackElo "2580"]
[WhiteFideId "13900048"]
[BlackFideId "13400819"]
[EventDate "2011.02.08"]

1. e4 c5 2. Nf3 e6 3. d4 cxd4 4. Nxd4 a6 5. c4 Nf6 6. Nc3 Bb4 7. Qf3 d6 8. Nc2
Ba5 9. b4 Bb6 10. Bf4 e5 11. Bg5 Be6 12. Rd1 Qe7 13. Bxf6 gxf6 14. Nd5 Bxd5 15.
exd5 e4 16. Qh3 Nd7 17. Be2 Ne5 18. O-O Qd7 19. Qh4 f5 20. c5 Ng6 21. Qf6 Bd8
22. Qg7 Bg5 23. f4 Be7 24. Ne3 O-O-O 25. c6 bxc6 26. dxc6 Qa7 27. Qd4 1-0

[Event "Aeroflot Open A"]
[Site "Moscow RUS"]
[Date "2011.02.10"]
[Round "3"]
[White "Fier, Alexandr"]
[Black "Motylev, Alexander"]
[Result "1/2-1/2"]
[WhiteTitle "GM"]
[BlackTitle "GM"]
[WhiteElo "2571"]
[BlackElo "2687"]
[WhiteFideId "2107139"]
[BlackFideId "4121830"]
[EventDate "2011.02.08"]

1. d4 d5 2. c4 c6 3. Nf3 Nf6 4. Nc3 dxc4 5. a4 e6 6. e4 Bb4 7. Bg5 Bxc3+ 8. bxc3
Qa5 9. e5 Ne4 10. Bd2 c5 11. Bxc4 cxd4 12. cxd4 Nxd2 13. Qxd2 Nc6 14. d5 exd5
15. Qxa5 Nxa5 16. Bxd5 Ke7 17. Rc1 Bd7 18. Nd4 Rac8 19. Ke2 Rhd8 20. Ke3 g6 21.
f4 b6 22. Rxc8 Rxc8 23. Nb5 Rc5 24. Kd4 Bxb5 25. axb5 Rxb5 26. Rc1 1/2-1/2

[Event "Aeroflot Open A"]
[Site "Moscow RUS"]
[Date "2011.02.10"]
[Round "3"]
[White "Zhigalko, Andrey"]
[Black "Timofeev, Artyom"]
[Result "0-1"]
[WhiteTitle "GM"]
[BlackTitle "GM"]
[WhiteElo "2566"]
[BlackElo "2681"]
[WhiteFideId "13502247"]
[BlackFideId "4140419"]
[EventDate "2011.02.08"]

1. d4 d5 2. c4 dxc4 3. e3 Nf6 4. Bxc4 e6 5. Nf3 c5 6. O-O a6 7. Bb3 Nc6 8. Nc3
Be7 9. dxc5 Nd7 10. a3 Nxc5 11. Bc2 Qxd1 12. Rxd1 Bf6 13. Bd2 a5 14. e4 a4 15.
Be3 Nb3 16. Rab1 Bxc3 17. bxc3 Nca5 18. Bd3 Bd7 19. Ne5 Bc6 20. Nxc6 bxc6 21. f4
O-O-O 22. Be2 Kc7 23. Kf2 f5 24. e5 Nb7 25. Bd4 N7c5 26. Bf3 Ne4+ 27. Bxe4 fxe4
28. Ke2 Rd5 29. Be3 Rhd8 30. g4 g6 31. Rxd5 cxd5 32. h4 Kc6 33. h5 Kb5 34. Bd4
Kc4 35. Ke3 gxh5 36. f5 hxg4 37. f6 h5 38. Rh1 Rb8 39. Ba7 Rb7 40. Rxh5 Rxa7 0-1

[Event "Aeroflot Open A"]
[Site "Moscow RUS"]
[Date "2011.02.10"]
[Round "3"]
[White "Kurnosov, Igor"]
[Black "Danin, Alexandre"]
[Result "1/2-1/2"]
[WhiteTitle "GM"]
[BlackTitle "IM"]
[WhiteElo "2662"]
[BlackElo "2538"]
[WhiteFideId "4142527"]
[BlackFideId "4144031"]
[EventDate "2011.02.08"]

1. d4 d5 2. c4 c6 3. Nf3 Nf6 4. e3 g6 5. Nc3 Bg7 6. Be2 O-O 7. O-O dxc4 8. Bxc4
Bg4 9. h3 Bxf3 10. Qxf3 Nbd7 11. Rd1 e5 12. Bb3 Qe7 13. Bd2 Rad8 14. a3 Rfe8 15.
Rac1 Bh6 16. Rc2 exd4 17. exd4 Bxd2 18. Rcxd2 Nb6 19. Re2 Qd6 20. Re5 Nbd5 21.
Rde1 Kf8 22. g4 Nxc3 23. bxc3 Nd5 24. Bxd5 cxd5 25. g5 Rxe5 26. Rxe5 Kg7 27. a4
f6 28. gxf6+ Qxf6 29. Qe3 Rd7 30. Kg2 b6 31. Kg3 Qd6 32. f4 Rc7 33. Re8 Kf7 34.
Rh8 Kg7 35. Re8 Kf7 36. Rh8 Kg7 37. Re8 Kf7 1/2-1/2

[Event "Aeroflot Open A"]
[Site "Moscow RUS"]
[Date "2011.02.10"]
[Round "3"]
[White "Zhou, Weiqi"]
[Black "Grachev, Boris"]
[Result "0-1"]
[WhiteTitle "GM"]
[BlackTitle "GM"]
[WhiteElo "2573"]
[BlackElo "2660"]
[WhiteFideId "8601674"]
[BlackFideId "4129199"]
[EventDate "2011.02.08"]

1. d4 d5 2. c4 e6 3. Nf3 Nf6 4. Nc3 Be7 5. Bg5 h6 6. Bh4 O-O 7. e3 b6 8. cxd5
Nxd5 9. Bxe7 Qxe7 10. Nxd5 exd5 11. Be2 Be6 12. O-O c5 13. dxc5 bxc5 14. Qa4 Nd7
15. Rac1 Rfb8 16. b3 Rb4 17. Qa5 Qd6 18. Ne1 Qb6 19. Qxb6 Rxb6 20. Nd3 c4 21.
bxc4 dxc4 22. Nf4 Rb2 23. Rfd1 Ne5 24. a4 Rc8 25. Rc3 Bd7 26. Bf1 Bxa4 27. Ra1
Bb3 28. Nd5 Rc5 29. Ne7+ Kh7 30. Rxa7 Rc2 31. Rxc2 Bxc2 32. Ra1 c3 33. Be2 Bd3
34. Kf1 Rb5 35. Rc1 Bxe2+ 36. Kxe2 Rb2+ 37. Kf1 Rxf2+ 38. Kxf2 Nd3+ 39. Ke2
Nxc1+ 40. Kd1 Nd3 41. g3 Nf2+ 42. Kc2 Ng4 43. h3 Nf2 44. h4 h5 45. Kxc3 Ne4+ 46.
Kd3 Nxg3 47. e4 g5 48. Ke3 gxh4 49. Kf3 Nf1 50. Kg2 Nd2 51. Kh3 Nf3 52. Nf5 Kg6
53. Nd6 Kf6 54. Nf5 Kg5 55. Nd6 Ne5 56. Nb7 Nd3 57. Nd8 Ne5 58. Nb7 Nd3 59. Nd8
Nf4+ 60. Kh2 Kf6 61. e5+ Kg7 62. Nc6 Kg6 63. Kh1 Nd3 64. Kh2 Kf5 65. Nd4+ Kxe5
66. Nf3+ Kf4 67. Nxh4 Ne1 68. Kh3 Ke5 0-1

[Event "Aeroflot Open A"]
[Site "Moscow RUS"]
[Date "2011.02.10"]
[Round "3"]
[White "Xiu, Deshun"]
[Black "Ni, Hua"]
[Result "1/2-1/2"]
[BlackTitle "GM"]
[WhiteElo "2508"]
[BlackElo "2645"]
[WhiteFideId "8603693"]
[BlackFideId "8601160"]
[EventDate "2011.02.08"]

1. Nf3 Nf6 2. c4 c6 3. g3 d5 4. Bg2 Bg4 5. Ne5 Be6 6. cxd5 Bxd5 7. Nf3 c5 8. Nc3
Bc6 9. O-O e6 10. d4 Nbd7 11. Be3 Rc8 12. Rc1 c4 13. Bg5 Qa5 14. Bd2 Qb6 15. Qc2
Bb4 16. Na4 Qa5 17. Bxb4 Qxb4 18. Qxc4 Qxc4 19. Rxc4 b5 20. Rc2 Ke7 21. Nc5 Be4
22. Rcc1 Nxc5 23. Rxc5 Rxc5 24. dxc5 Rd8 25. Rc1 Rd5 26. e3 Kd7 27. Nd4 Bxg2 28.
Kxg2 a6 29. b4 g6 30. a4 bxa4 31. Ra1 e5 32. Nf3 Kc6 33. Rxa4 Kb5 34. Ra5+ Kxb4
35. Rxa6 Ne4 36. Ra7 f6 37. Rb7+ Kxc5 38. Rxh7 Rd1 39. h4 Ra1 40. Ng1 g5 41. Rg7
gxh4 42. gxh4 Kd5 43. Nh3 Ra8 44. Rh7 Ke6 45. h5 Rg8+ 46. Kf1 Kf5 47. f3 Ng3+
48. Ke1 e4 49. fxe4+ Kxe4 50. h6 Nh5 51. Ra7 Kf5 52. Nf2 Kg5 53. h7 Rh8 54. Ne4+ 1/2-1/2

[Event "Aeroflot Open A"]
[Site "Moscow RUS"]
[Date "2011.02.10"]
[Round "3"]
[White "Khalifman, Alexander"]
[Black "El Debs, Felipe de Cresce"]
[Result "1/2-1/2"]
[WhiteTitle "GM"]
[BlackTitle "GM"]
[WhiteElo "2638"]
[BlackElo "2499"]
[WhiteFideId "4100115"]
[BlackFideId "2106981"]
[EventDate "2011.02.08"]

1. d4 d5 2. c4 c6 3. Nf3 Nf6 4. Nc3 dxc4 5. a4 e6 6. e3 c5 7. Bxc4 Nc6 8. O-O
Be7 9. dxc5 Qxd1 10. Rxd1 Bxc5 11. h3 Ke7 12. e4 Nd7 13. Bf4 f6 14. Nb5 Nde5 15.
Nxe5 Nxe5 16. Rac1 Bb6 17. Be2 Bd7 18. Bd2 a5 19. Kf1 g5 1/2-1/2

[Event "Aeroflot Open A"]
[Site "Moscow RUS"]
[Date "2011.02.10"]
[Round "3"]
[White "Lysyj, Igor"]
[Black "Huschenbeth, Niclas"]
[Result "1/2-1/2"]
[WhiteTitle "GM"]
[BlackTitle "IM"]
[WhiteElo "2635"]
[BlackElo "2450"]
[WhiteFideId "4150120"]
[BlackFideId "24604747"]
[EventDate "2011.02.08"]

1. d4 d5 2. c4 e6 3. Nf3 c6 4. Nbd2 f5 5. g3 Bd6 6. Bg2 Nd7 7. O-O Ngf6 8. Ne1
O-O 9. Nd3 Qe7 10. Qc2 b6 11. b4 Bb7 12. c5 Bc7 13. Bb2 Ne4 14. a4 bxc5 15. bxc5
a5 16. Nb3 Ba6 17. Rab1 h5 18. Bc1 1/2-1/2

[Event "Aeroflot Open A"]
[Site "Moscow RUS"]
[Date "2011.02.10"]
[Round "3"]
[White "Vuckovic, Bojan"]
[Black "Mekhitarian, Krikor Sevag"]
[Result "1/2-1/2"]
[WhiteTitle "GM"]
[BlackTitle "GM"]
[WhiteElo "2623"]
[BlackElo "2528"]
[WhiteFideId "922277"]
[BlackFideId "2107660"]
[EventDate "2011.02.08"]

1. d4 Nf6 2. c4 g6 3. Nc3 d5 4. Bg5 Bg7 5. Bxf6 Bxf6 6. cxd5 c6 7. Rc1 O-O 8.
dxc6 Qxd4 9. Qxd4 Bxd4 10. cxb7 Bxb7 11. Nf3 Bf6 12. e3 Rd8 13. Be2 Na6 14. O-O
Nb4 15. a3 Nd3 16. Bxd3 Rxd3 17. Rfd1 Rxd1+ 18. Rxd1 Bxc3 19. bxc3 Rc8 20. Rc1
Bxf3 21. gxf3 Rc4 22. Kf1 e5 23. Ke2 Kf8 24. Kd3 Ra4 25. c4 Ke7 26. Rc3 Kd6 27.
f4 exf4 28. Kd4 fxe3 29. Rxe3 Ra5 30. Rf3 Ke6 31. Re3+ Kd6 32. Rf3 Ke6 33. Re3+ 1/2-1/2

[Event "Aeroflot Open A"]
[Site "Moscow RUS"]
[Date "2011.02.10"]
[Round "3"]
[White "Ragger, Markus"]
[Black "Ju, Wenjun"]
[Result "1-0"]
[WhiteTitle "GM"]
[BlackTitle "WGM"]
[WhiteElo "2615"]
[BlackElo "2514"]
[WhiteFideId "1610856"]
[BlackFideId "8603006"]
[EventDate "2011.02.08"]

1. Nf3 Nf6 2. c4 g6 3. Nc3 Bg7 4. e4 d6 5. d4 O-O 6. Be2 e5 7. O-O Na6 8. Re1 c6
9. Bf1 Bg4 10. Be3 exd4 11. Bxd4 c5 12. Be3 Nb4 13. e5 Bxf3 14. gxf3 Nh5 15.
exd6 Be5 16. Ne4 Qh4 17. Ng3 Bxb2 18. Bxc5 Bxa1 19. d7 a5 20. a3 Bc3 21. Re4 Qf6
22. Be7 Qb6 23. c5 Qc7 24. Nxh5 gxh5 25. axb4 axb4 26. Qd5 h6 27. Bxf8 Rxf8 28.
Re8 Bf6 29. Bc4 1-0

[Event "Aeroflot Open A"]
[Site "Moscow RUS"]
[Date "2011.02.10"]
[Round "3"]
[White "Jumabayev, Rinat"]
[Black "Yu, Yangyi"]
[Result "1-0"]
[WhiteTitle "GM"]
[BlackTitle "GM"]
[WhiteElo "2555"]
[BlackElo "2607"]
[WhiteFideId "13702661"]
[BlackFideId "8603820"]
[EventDate "2011.02.08"]

1. d4 Nf6 2. c4 e6 3. Nf3 d5 4. g3 dxc4 5. Bg2 c6 6. a4 b5 7. Ne5 Nd5 8. O-O Bb7
9. e4 Nf6 10. Nc3 a6 11. d5 Bd6 12. dxc6 Nxc6 13. Nxc6 Bxc6 14. axb5 axb5 15.
Rxa8 Bxa8 16. Nxb5 Bc5 17. Qa4 O-O 18. Qxc4 Qb6 19. Nc3 Bd4 20. Qe2 Qc6 21. Bd2
Bxc3 22. Bxc3 Nxe4 23. Qg4 f6 24. Ra1 Kh8 25. Rxa8 Rxa8 26. Bxe4 Ra1+ 27. Kg2
Qc4 28. Kh3 Qf1+ 29. Bg2 Qb5 30. Qf3 h5 31. Qe4 Ra6 32. Qg6 Ra4 33. b4 Qf5+ 34.
Qxf5 exf5 35. Bc6 Ra3 36. Bd4 Rd3 37. Be3 g5 38. Kg2 f4 39. gxf4 gxf4 40. Bc5
Rc3 41. h4 Kg7 42. Be8 Kh6 43. Bf8+ 1-0

[Event "Aeroflot Open A"]
[Site "Moscow RUS"]
[Date "2011.02.10"]
[Round "3"]
[White "Papin, Vasily"]
[Black "So, Wesley"]
[Result "1/2-1/2"]
[WhiteTitle "IM"]
[BlackTitle "GM"]
[WhiteElo "2568"]
[BlackElo "2673"]
[WhiteFideId "4143183"]
[BlackFideId "5202213"]
[EventDate "2011.02.08"]

1. d4 Nf6 2. c4 c6 3. Nf3 d5 4. Qc2 dxc4 5. Qxc4 Bf5 6. g3 e6 7. Bg2 Nbd7 8. O-O
Be7 9. e3 O-O 10. Qe2 c5 11. Rd1 cxd4 12. Nxd4 Be4 13. f3 Bxb1 14. Rxb1 Qb6 15.
Qb5 Bc5 16. Qxb6 Bxb6 17. Kf1 Rfd8 18. Ke2 Rac8 19. Nb5 Nd5 20. Bd2 a6 21. Nc3
Ne5 22. Nxd5 1/2-1/2

[Event "Aeroflot Open A"]
[Site "Moscow RUS"]
[Date "2011.02.10"]
[Round "3"]
[White "Geller, Jakov"]
[Black "Savchenko, Boris"]
[Result "1/2-1/2"]
[WhiteTitle "IM"]
[BlackTitle "GM"]
[WhiteElo "2544"]
[BlackElo "2637"]
[WhiteFideId "4151984"]
[BlackFideId "4147332"]
[EventDate "2011.02.08"]

1. e4 c5 2. Nf3 d6 3. d4 cxd4 4. Nxd4 Nf6 5. Nc3 a6 6. f4 Qc7 7. Bd3 e5 8. Nf3
Nbd7 9. O-O Be7 10. Kh1 b5 11. a3 O-O 12. fxe5 dxe5 13. Nh4 Nb6 14. Nf5 Bxf5 15.
Rxf5 Rad8 16. Qf3 Nfd7 17. Qg3 f6 18. Bh6 Rf7 19. Raf1 Bxa3 20. Nxb5 axb5 21.
bxa3 Nc5 22. Be3 Nxd3 23. cxd3 Qd6 24. d4 exd4 25. Qxd6 Rxd6 26. Bf4 Re6 27.
Rxb5 Ra7 28. Rb4 Ra4 29. Bc7 Rxb4 30. axb4 Na4 31. b5 d3 32. b6 Nc5 33. Kg1 Rxe4
34. Rd1 Rd4 35. Kf2 Kf7 36. Ke3 Re4+ 37. Kf3 f5 38. Bd6 Nb7 39. Rxd3 Nxd6 40.
Rxd6 Rb4 41. Ke3 Ke7 42. Rc6 Kd7 43. Rc7+ Kd6 44. Rxg7 Rxb6 45. Kf4 Ke6 46. Kg5
Rb2 47. Kh6 f4 48. h4 Rf2 49. Kxh7 f3 50. gxf3 Rxf3 51. h5 Kf6 52. h6 Rh3 53.
Ra7 Rh4 54. Ra2 Rg4 55. Kh8 Rh4 56. Kg8 Rxh6 1/2-1/2